| 000 | 01171nam2a2200229 4500 | ||
|---|---|---|---|
| 001 | rc\2833955 | ||
| 005 | 20260315045417.0 | ||
| 035 | _a(NLR Aleph) 006991790 | ||
| 090 |
_a13572993 _c13572993 |
||
| 100 | _a20110626d1930 u y0rusy50 ca | ||
| 101 | 0 | _arus | |
| 102 | _aRU | ||
| 105 | _ay z ||||| | ||
| 200 | 0 | _aУрок № 2 | |
| 210 | _d1930 | ||
| 215 | _a24 с. | ||
| 461 | 0 |
_1001rc\2833952 _12000#$aТехнология топлива$eУрок № 1-$fАвтор П.В. Соколов$gРед. А.А. Пескин$gВСНХ СССР. Ин-т заоч. обуч. Курсы заоч. обуч. строителей и силикатчиков-кирпичников (рабочих, десятников и техников) ...$vУрок № 2 _95633345 _aИнститут силикатов и строительных материалов (Москва). Сектор заочного обучения _cМосква _d1930 _fАвтор П.В. Соколов _nРИО ЦИПК _oУрок № 1- _tТехнология топлива _vУрок № 2 |
|
| 801 | 0 |
_aRU _bNLR _gpsbo |
|
| 801 | 1 |
_aRU _bELAR _2rusmarc |
|
| 852 |
_aNLR _j31-19/165 |
||
| 942 | _cUNSPEC | ||
| 980 | _aNB | ||